| 000 | 00736nam a2200193 a 4500 | ||
|---|---|---|---|
| 008 | 060316s1999 ||||||||||||||||| || u | ||
| 020 | _a0201596245 | ||
| 050 | _aTA 413 Koo | ||
| 100 | _aKoomen, Tim | ||
| 245 | 1 | 0 | _aTest process improvement : a practical step-by-step guide to structured testing |
| 260 |
_aHarlow : _bAddison-Wesley _c1999 |
||
| 300 | _axv, 215 p. : ill. | ||
| 350 | _a0.00 | ||
| 500 | _aIncludes bibliographic references | ||
| 650 | _aCOMPUTER SOFTWARE--TESTING | ||
| 650 | _aELECTRONIC DATA PROCESSING--STRUCTURED TECHNIQUES | ||
| 700 | _aPol, Martin | ||
| 995 |
_D0.00 _FCBU-MAIN LIBRARY (Kitwe) _H1 _I11.95 _M1 _UAVAILABLE _ZAnnex Low-Usage Collection |
||
| 999 |
_c59658 _d59658 |
||